| 000 | 00485nam a22001817a 4500 | ||
|---|---|---|---|
| 005 | 20240219090457.0 | ||
| 008 | 230224b |||||||| |||| 00| 0 eng d | ||
| 020 | _a9781444159646 (pbk) | ||
| 040 |
_aKMU _cKMU |
||
| 050 | _aHF 5415.2 Bar 2012 | ||
| 100 | _aBartkowiak Judy | ||
| 245 |
_aMarket Research in a week _b/Judy Bartkowiak |
||
| 300 |
_a121 pages.: _c19cm |
||
| 500 | _aInclude glossary,questions and answers | ||
| 650 | _aMarket | ||
| 650 | _aResearch | ||
| 942 |
_2lcc _cBK _n0 |
||
| 999 |
_c216 _d216 |
||